| 000 | 00538nam a22001937a 4500 | ||
|---|---|---|---|
| 999 |
_c7814 _d7814 |
||
| 003 | OSt | ||
| 005 | 20220316094456.0 | ||
| 008 | 220316b ||||| |||| 00| 0 eng d | ||
| 020 | _a0471853011 | ||
| 040 | _cDDC | ||
| 082 | _a519.5 .AGR 1990 | ||
| 100 |
_aAgresti, Alan. _915868 |
||
| 245 | _aCategorical data analysis. | ||
| 260 |
_aNew York : _b Wiley, _cc1990. |
||
| 300 |
_axv, 558 p. : _bill. ; _c24 cm. |
||
| 504 | _aIncludes bibliographical references and indexes. | ||
| 650 |
_aMultivariate analysis. _9964 |
||
| 942 |
_2ddc _cBOOK |
||